Tilastot visalle Belgia-visa

Klikkaa tästä pelataksesi tätä visaa!

Yleistilastot

  • Tätä visaa on pelattu 20 kertaa
  • Keskiarvotulos 14 / 25

Vastaustilastot

VinkkiVastaus% Oikein
RajanaapuritAlankomaat
100%
Pääkaupunki ja liittovaltion alueBryssel
100%
RajanaapuritRanska
100%
Puhutuimmat kieletRanskan kieli
100%
RajanaapuritSaksa
100%
Puhutuimmat kieletHollannin kieli
93%
Pienet siniset piirroshahmotSmurffit
93%
Agatha Christien luoma etsivähahmoHercule Poirot
73%
Peloton sarjakuvareportteri, joka
vieraili mm. Tiibetissä, Amerikassa, Kiinassa yms.
Tintti
73%
RajanaapuritLuxemburg
67%
Kaupunki, joka isännöi vuoden 1920 OlympialaisiaAntwerpen
60%
Meri, jonka rannalla Belgia sijaitseePohjanmeri
53%
Ruoka, joka valmistetaan ruudukonmuotoisissa "raudoissa"Vohveli
53%
Napoleonin viimeisen taistelun paikkaWaterloo
53%
Belgian suurin siirtomaa AfrikassaBelgian Kongo
47%
Toimintatähti, joka tunnetaan myös akronyymillä JCVDJean-Claude
Van Damme
33%
Mitä belgialaiset laittavat ranskanperunoihinsaMajoneesia
33%
Mitä trappisti munkit valmistavatOlutta
33%
Belgian liittovaltion alueVallonia
27%
Keskikiaikaisesta asustaan ja kanavistaan kuuluisa kaupunkiBrugge
20%
Belgian liittovaltion alueFlanderi
20%
Erittäin lihallisten naishahmojen maalariPeter Paul Rubens
20%
Surrealistinen taidemaalari, jolle avattiin oma museo pääkaupungissa vuonna 2009René Magritte
20%
Jos syöt "Moules-fritesiä", syöt
tätä eläintä
Simpukka
13%
Nykyinen monarkkiPhilippe
0%

Tulosjakauma

Persentiili vastausten määrän mukaan

Jokaisen tuloksen saaneiden osuus

Tuloshistoriasi

Et ole pelannut tätä visaa